| 000 | 00654cab a22001935a 4500 | ||
|---|---|---|---|
| 001 | L146965 | ||
| 008 | 090318e20090313xxk f 000 0 eng d | ||
| 035 | _a(Sirsi) u146965 | ||
| 041 | 0 | _aeng | |
| 100 | 1 | _aLever, Jon | |
| 245 | 0 | 0 | _aAPC advice |
| 260 | _c2009 | ||
| 490 | 0 |
_aProperty Week _v75(10) 6 March 2009, 64(1) |
|
| 520 | _aConsiders how to produce the critical analysis report. Provides guidance and advise on how this important document should be created and presented. | ||
| 590 | _aKA | ||
| 651 | 4 |
_aUnited Kingdom _y |
|
| 690 | _aCAREERS, EDUCATION AND TRAINING-QUALIFICATION ROUTES-ASSESSMENT OF PROFESSIONAL COMPETENCE | ||
| 942 | _n0 | ||
| 999 |
_c81344 _d81344 |
||